000 00276nam a22001337a 4500
020 _a978-8122435184
041 _aENG
100 _aMurly.J V.S
245 _aWatershed Management
260 _aDelhi
_bNew Age Inh PUB
_c1999
300 _a234
650 _aIDE
856 _uIDE
999 _c464
_d464